000 00539nam a2200205 4500
003 OSt
005 20260601171009.0
008 260507b\\\\\\\\||||||||\||||\00|\0\eng\d
020 _a2880462975
040 _aICI
_bspa
_cICI
050 _aNK1520
_b.H66
100 1 _aAsencio Cerver, Francisco
245 1 _aHome Product Design
264 _bArco Editorial • Colour
_c1997
_aInglaterra
300 _a152 páginas
336 _atexto
_2rdacontent
337 _asin medio
_2rdamedia
338 _avolumen
_2rdacarrier
942 _2ddc
_cB
_n1
999 _c20404
_d20404